| 000 | 00535nam a2200145Ia 4500 | ||
|---|---|---|---|
| 008 | 220216s9999 xx 000 0 und d | ||
| 100 | _aFurukawa M | ||
| 245 | 0 | _aFunctionally graded polyurethane elastomers prepared by electrophoresis of monomer | |
| 260 | _bInternational Rubber Conference 1997. Rubber Science and Technology: Improving Quality of Life, Kuala Lumpur, Malaysia 6-9 Oct 1997; p1015-1021 | ||
| 650 | _aElectrophoresis | ||
| 650 | _aPolyurethane elastomers | ||
| 700 | _aOkazaki T | ||
| 700 | _aShiba T | ||
| 942 | _cJS | ||
| 999 |
_c59636 _d59636 |
||